DCI World Class Champions - Statistics

General Stats
  • This quiz has been taken 108 times
  • The average score is 27 of 50
Answer Stats
Year Corps % Correct
2023 Blue Devils
100%
2022 Blue Devils
95%
2019 Blue Devils
95%
2017 Blue Devils
86%
2015 Blue Devils
83%
2014 Blue Devils
83%
2016 Bluecoats
82%
2012 Blue Devils
82%
2018 Santa Clara Vanguard
82%
2013 Carolina Crown
77%
2010 Blue Devils
76%
2009 Blue Devils
73%
2007 Blue Devils
73%
2003 Blue Devils
67%
2008 Phantom Regiment
65%
2011 The Cadets
64%
1999 (Tie) Blue Devils & Santa Clara Vanguard
62%
2000 (Tie) The Cadets & The Cavaliers
61%
2002 The Cavaliers
61%
2005 The Cadets
59%
2006 The Cavaliers
59%
2004 The Cavaliers
59%
2001 The Cavaliers
59%
1996 (Tie) Blue Devils & Phantom Regiment
58%
1997 Blue Devils
56%
1994 Blue Devils
56%
1998 The Cadets
48%
1995 The Cavaliers
47%
1993 The Cadets of Bergen County
45%
1992 The Cavaliers
42%
1986 Blue Devils
38%
1991 Star of Indiana
38%
1982 Blue Devils
36%
1980 Blue Devils
36%
1977 Blue Devils
36%
1989 Santa Clara Vanguard
36%
1990 The Cadets of Bergen County
36%
1981 Santa Clara Vanguard
33%
1974 Santa Clara Vanguard
33%
1973 Santa Clara Vanguard
33%
1979 Blue Devils
32%
1976 Blue Devils
32%
1978 Santa Clara Vanguard
32%
1987 Garfield Cadets
30%
1984 Garfield Cadets
30%
1985 Garfield Cadets
29%
1983 Garfield Cadets
29%
1972 Anaheim Kingsmen
27%
1988 Madison Scouts
27%
1975 Madison Scouts
26%
No matching quizzes found
Score Distribution
Percent of People with Each Score
Percentile by Number Answered
Your Score History
You have not taken this quiz